3ds max 6 fundamentals / (Record no. 62996)

MARC details
000 -LEADER
fixed length control field 00529nam a22001577a 4500
005 - DATE AND TIME OF LATEST TRANSACTION
control field 20120216131059.0
020 ## - INTERNATIONAL STANDARD BOOK NUMBER
International Standard Book Number 8176357294
Terms of availability 270.00
035 ## - SYSTEM CONTROL NUMBER
System control number B-120913
037 ## - SOURCE OF ACQUISITION
Stock number DPL
Source of stock number/acquisition ENG
100 ## - MAIN ENTRY--PERSONAL NAME
Personal name Boardman, Ted
245 ## - TITLE STATEMENT
Title 3ds max 6 fundamentals /
Statement of responsibility, etc by Ted Boardman
260 ## - PUBLICATION, DISTRIBUTION, ETC. (IMPRINT)
Place of publication, distribution, etc New Delhi
Name of publisher, distributor, etc Techmedia
Date of publication, distribution, etc 2004
300 ## - PHYSICAL DESCRIPTION
Extent xiv, 502p.
Dimensions 24 cms.
942 ## - ADDED ENTRY ELEMENTS (KOHA)
Source of classification or shelving scheme Dewey Decimal Classification
Item type English Books
Classification part 006.6
Call number suffix BOA
Holdings
Withdrawn status Lost status Not for loan Collection code Home library Current library Date acquired Cost, normal purchase price Full call number Barcode Cost, replacement price Koha item type Source of acquisition Copy number
      Non-fiction Kadipur Kadipur 05/07/2019 270.00 006.6 BOA B-120924 270.00 English Books BPPD/PUB 3
      Non-fiction Sarojini Nagar Sarojini Nagar 16/02/2012 270.00 006.6 BOA B-120913 270.00 English Books    

© Delhi Public Library
Hit Counter
free hit counter